01281nam a2200289 a 450000100060000000300080000600500170001400800410003103500190007204000270009104100080011808200280012624501230015426000430027730000180032050000740033850400300041250500950044265000290053770000500056670000270061670000390064394200120068299900170069495201410071195201390085241967BD-RjUL20211209053457.0160608m19681970ii b 001 0 eng d a(BD-RjUL)42085 aDLCcDLCdBD-RjULbeng aeng a329.00954219bFOU 197000aFourth general election in India /ceditors, S.P. Varma, Iqbal Narain ; associate editors, C.P. Bhambhri ... [et al.]. aBombay :bOrient Longmans,c1968-1970. a2 v. ;c25 cm a"Originally formed a special number of the Political science review." aBibliographical footnotes0 av. 1. Political surveys.--v. 2. Fourth general election and political development in India 0aElectionszIndia91283811 aVarma, S. P.q(Shanti Prasad),d1910-91289911 aNarain, Iqbal.91289921 aBhambhri, Chandra Prakash.9128993 2ddccBK c41967d41967 00102ddc40708NFICaRUCLbRUCLcE-Booksd1974-07-10eIndia Govt.l0o329.00954 FOU V-2 1970r2016-06-08 00:00:00tC-2w2016-06-08yBK 00102ddc40708NFICaRUCLbRUCLcStackd1974-07-10eIndia Govt.l0o329.00954 FOU V-1 1970r2016-06-08 00:00:00tC-2w2021-12-09yBK